| 000 | 01576cam a2200421 i 4500 | ||
|---|---|---|---|
| 999 |
_c65139 _d65139 |
||
| 001 | 279532 | ||
| 003 | CO-MdFUSB | ||
| 005 | 20200324124513.0 | ||
| 008 | 840730m19649999nyu g b 001 0 eng | ||
| 010 | _a 64055388 | ||
| 020 |
_a0385032536 _q (v. 27 Marcos) |
||
| 020 |
_a0385005156 _q(v.28 Lucas) |
||
| 020 | _a0385155425 (v.28A Lucas) | ||
| 020 | _a0385015178 (v.29 Juan) | ||
| 020 | _a0385037619 (v.29A Juan) | ||
| 020 | _a9780300139822 (v.31 Hechos) | ||
| 020 | _a0385233175 (v. 33 Romanos) | ||
| 040 |
_aDLC _cCO-MdFUSB _dDLC _bspa _erda |
||
| 041 | _aeng | ||
| 082 | 0 | 0 |
_224 _aR 225.7 _bA539 |
| 130 | 0 |
_lEnglish. _sAnchor Bible. _f1964. |
|
| 245 | 0 | 4 |
_aThe Anchor Bible _c/ William Foxwell Albright y David Noel Freedman, Editores Generales |
| 264 | 1 |
_aGarden City, N.Y., _bDoubleday, _c℗[1964-] |
|
| 264 | 4 | _c©[1964-] | |
| 300 |
_avolumenes ; _c24 cm. |
||
| 336 |
_2rdacontent _atexto _btxt |
||
| 337 |
_2rdamedia _asin mediación _bn |
||
| 338 |
_2rdacarrier _avolumen _bnc |
||
| 490 | _aThe Anchor Bible | ||
| 501 | _aIncluye índices. | ||
| 505 | _aMarcos / C.S. Mann -- Lucas I-IX / Joseph A. Fitzmyer -- Lucas X-XXIV / Joseph A. Fitzmyer -- Juan I-XII / Raymond E. Brown -- Juan XIII-XXI / Raymond E. Brown -- Hechos de los Apóstoles / Joseph A. Fitzmyer -- Romanos / Joseph A. Fitzmyer. -- Oseas / Andersen, Francis Ian, and David Noel Freedman. | ||
| 563 | _aTapa dura | ||
| 630 | 0 | 7 |
_aBiblia. _pNuevo Testamento |
| 942 | _cREF | ||
| 945 | _aANF-558 | ||